00921nam a2200241 a 4500001001000000003000900010005001700019007000300036008004100039040002500080082002000105100003800125245004400163260003700207300002000244590002800264910000700292942001400299952011400313952012000427952011500547999001700662000032496DO-SdBNP20230215121954.0ta110718s1983 dr 000 0 spa d aDO-SdBNPbspacBNPHU axxxxbL789P2221 aLizardo L., Luis Francisco95843710aPalma Sola :bla tragedia de un pueblo. aSanto Domingo :b[s. n.],c1983. a65 p. ;c22 cm. aInventariado, 2023 / DG aDG 2ddccLBS1 0010718PDaPDbPDcHDd2011-07-18iLF1l0oxxxx L789Pp32496-10r2020-06-25w2020-06-25yLFPDZNo se presta 0010718PDaPDbPDcHDd2015-04-24iLF1l0oxxxx L789Pp32496-20r2020-06-25te. 2w2020-06-25yLFPDZNo se presta 00102ddc56708DSaBNPHUbBNPHUcCTd2023-02-15l0oxxxx L789Pp2023-0967r2023-02-15te.3w2023-02-15yLBS1 c31987d31987